[Event "EU-Cup 36th"]
[Site "Struga"]
[Date "2021.09.23"]
[Round "6.6"]
[White "Noer, Martin Stampe"]
[Black "Johansson, Eva"]
[Result "1/2-1/2"]
[WhiteElo "1835"]
[BlackElo "1847"]
[PlyCount "31"]
[EventDate "2021.09.18"]
[EventType "team-swiss"]
[EventRounds "7"]
[EventCountry "MKD"]
[SourceTitle "CBM 204 Extra"]
[Source "ChessBase"]
[SourceDate "2021.11.30"]
[SourceVersion "1"]
[SourceVersionDate "2021.11.30"]
[SourceQuality "1"]
[WhiteTeam "Nordkalotten"]
[BlackTeam "Pelaro Alingsas"]
[WhiteTeamCountry "DEN"]
[BlackTeamCountry "SWE"]

1. d4 d6 2. Bf4 g6 3. e3 Bg7 4. Nc3 e5 5. dxe5 dxe5 6. Qxd8+ Kxd8 7. 0-0-0+ Nd7 8. Bg3 f6 9. Bc4 Nh6 10. Nge2 c6 11. Rd2 Ke7 12. Rhd1 Nc5 13. b4 Ne6 14. Ne4 Nf7 15. Bxe6 Bxe6 16. Nc5 1/2-1/2

[Event "EU-Cup 34th"]
[Site "Porto Carras"]
[Date "2018.10.15"]
[Round "4.6"]
[White "Noer, Martin Stampe"]
[Black "Kivilahti, Rami"]
[Result "1/2-1/2"]
[WhiteElo "1863"]
[BlackElo "2057"]
[PlyCount "117"]
[EventDate "2018.10.12"]
[EventType "team-swiss"]
[EventRounds "7"]
[EventCountry "GRE"]
[SourceTitle "CBM 187"]
[Source "ChessBase"]
[SourceDate "2018.12.11"]
[SourceVersion "1"]
[SourceVersionDate "2018.12.11"]
[SourceQuality "1"]
[WhiteTeam "Nordkalotten"]
[BlackTeam "Aatos"]
[WhiteTeamCountry "DEN"]
[BlackTeamCountry "FIN"]

1. d4 d5 2. Bf4 Nf6 3. e3 e6 4. Nd2 c5 5. c3 Nc6 6. Ngf3 Bd6 7. Bg3 0-0 8. Bd3 Qc7 9. Rc1 e5 10. dxe5 Nxe5 11. Nxe5 Bxe5 12. Bxe5 Qxe5 13. Nf3 Qe7 14. h3 b6 15. 0-0 Bb7 16. Re1 Ne4 17. Qc2 Rad8 18. Rcd1 f5 19. c4 dxc4 20. Bxc4+ Kh8 21. Qe2 g5 22. Nd2 Nxd2 23. Rxd2 Qe4 24. f3 Rxd2 25. fxe4 Rxe2 26. Rxe2 Bxe4 27. Rd2 Rb8 28. Ba6 Bc6 29. Rd6 Be8 30. Rf6 Bg6 31. Rd6 Rf8 32. Bc4 f4 33. exf4 Rxf4 34. b3 Rd4 35. Rd5 Rxd5 36. Bxd5 Bd3 37. Kf2 Kg7 38. Ke3 Bf1 39. a3 Kf6 40. b4 Ke5 41. Bf3 cxb4 42. axb4 Bc4 43. g3 a5 44. bxa5 bxa5 45. Bc6 Bb3 46. h4 a4 47. Kd3 a3 48. Kc3 a2 49. Kb2 gxh4 50. gxh4 Bf7 51. h5 Kf4 52. h6 Kf5 53. Bb5 Kg5 54. Bd3 Bg6 55. Bc4 Kxh6 56. Bg8 Bb1 57. Bxh7 Kxh7 58. Ka1 Kg6 59. Kb2 1/2-1/2

[Event "DEN-chT 1718 56th"]
[Site "Denmark"]
[Date "2018.02.11"]
[Round "7.4"]
[White "Noer, Martin Stampe"]
[Black "Christensen, Casper"]
[Result "1/2-1/2"]
[WhiteElo "1864"]
[BlackElo "2042"]
[PlyCount "35"]
[EventDate "2017.11.18"]
[EventType "team-tourn"]
[EventRounds "9"]
[EventCountry "DEN"]
[SourceTitle "EXT 2019"]
[Source "ChessBase"]
[SourceDate "2018.10.10"]
[SourceVersion "1"]
[SourceVersionDate "2018.10.10"]
[SourceQuality "1"]
[WhiteTeam "Nordkalotten"]
[BlackTeam "BMS"]
[WhiteTeamCountry "DEN"]
[BlackTeamCountry "DEN"]

1. d4 Nf6 2. Bg5 g6 3. Bxf6 exf6 4. e3 Bg7 5. Nf3 0-0 6. c4 d6 7. Bd3 f5 8. 0-0 Nd7 9. Nc3 c6 10. Re1 Nf6 11. Rc1 Re8 12. Qc2 Bh6 13. g3 Qe7 14. b4 Ne4 15. Nd1 c5 16. bxc5 dxc5 17. d5 Bd7 18. Rb1 1/2-1/2

[Event "Politiken Cup 31st"]
[Site "Helsingor"]
[Date "2009.07.21"]
[Round "5"]
[White "Rasmussen, Ole H"]
[Black "Noer, Martin Stampe"]
[Result "1-0"]
[WhiteElo "1751"]
[BlackElo "1981"]
[PlyCount "113"]
[EventDate "2009.07.18"]
[EventType "swiss"]
[EventRounds "10"]
[EventCountry "DEN"]
[SourceTitle "CBM 131 Extra"]
[Source "ChessBase"]
[SourceDate "2009.09.03"]
[SourceVersion "2"]
[SourceVersionDate "2009.09.16"]
[SourceQuality "1"]

1. e4 c6 2. d4 d5 3. Nc3 dxe4 4. Nxe4 Nf6 5. Bd3 Qxd4 6. Nf3 Qd8 7. Qe2 Nxe4 8. Bxe4 Bg4 9. h3 Bh5 10. 0-0 Qc7 11. b3 e6 12. Bb2 Nd7 13. Qe3 Bc5 14. Qg5 Bxf3 15. Bxf3 Rg8 16. Rad1 Be7 17. Qe3 Bc5 18. Rxd7 Qxd7 19. Qxc5 Qc7 20. Rd1 Qb6 21. Qe5 Rd8 22. Rxd8+ Qxd8 23. Ba3 g5 24. Bg4 Rg6 25. Qh8+ Kd7 26. Qxh7 Qf6 27. Bh5 Qa1+ 28. Kh2 Qe5+ 29. g3 Rf6 30. Qd3+ Kc8 31. Kg2 Rf5 32. Bg4 Qd5+ 33. Bf3 Qxd3 34. cxd3 Kd7 35. Bb2 Ke7 36. Bd4 Ra5 37. Be3 f6 38. a4 Kd7 39. d4 b5 40. Bd2 Ra6 41. a5 e5 42. dxe5 c5 43. exf6 Rxf6 44. Bxg5 Ra6 45. Be3 Kd6 46. Bf4+ Kd7 47. Bd2 b4 48. h4 Rxa5 49. Bd5 Ra2 50. Be3 Kd6 51. Bc4 Rc2 52. Bg8 a5 53. h5 a4 54. bxa4 c4 55. h6 b3 56. Bd4 c3 57. Bxb3 1-0

[Event "Farum HK-ch"]
[Site "Farum"]
[Date "2005.10.21"]
[Round "6"]
[White "Palvig, David Kinch"]
[Black "Noer, Martin Stampe"]
[Result "0-1"]
[WhiteElo "1171"]
[BlackElo "1804"]
[PlyCount "54"]
[EventDate "2005.10.16"]
[EventType "swiss"]
[EventRounds "6"]
[EventCountry "DEN"]
[SourceTitle "EXT 2018"]
[Source "ChessBase"]
[SourceDate "2017.10.13"]
[SourceVersion "1"]
[SourceVersionDate "2017.10.13"]
[SourceQuality "1"]

1. Nf3 Nf6 2. c4 c6 3. Nc3 d5 4. c5 d4 5. Na4 e6 6. b4 b6 7. Bb2 b5 8. Nxd4 bxa4 9. Qxa4 Qc7 10. g3 Be7 11. Bg2 Nd5 12. e4 Nf6 13. Nxc6 Qxc6 14. Qxc6+ Nxc6 15. e5 Nd5 16. b5 Ncb4 17. 0-0 Bxc5 18. Ba3 Bd7 19. Rab1 Rc8 20. Bxd5 Nxd5 21. Bxc5 Rxc5 22. Rfc1 Rxc1+ 23. Rxc1 Ke7 24. a4 Rc8 25. Rxc8 Bxc8 26. f4 Nb6 27. a5 Nc4 0-1

[Event "Farum HK-ch"]
[Site "Farum"]
[Date "2005.10.17"]
[Round "2"]
[White "Nielsen, Nicholas"]
[Black "Noer, Martin Stampe"]
[Result "1-0"]
[WhiteElo "2208"]
[BlackElo "1804"]
[PlyCount "63"]
[EventDate "2005.10.16"]
[EventType "swiss"]
[EventRounds "6"]
[EventCountry "DEN"]
[SourceTitle "EXT 2018"]
[Source "ChessBase"]
[SourceDate "2017.10.13"]
[SourceVersion "1"]
[SourceVersionDate "2017.10.13"]
[SourceQuality "1"]

1. e4 c6 2. d4 d5 3. Nd2 dxe4 4. Nxe4 Nf6 5. Nxf6+ exf6 6. c3 Bd6 7. Bd3 0-0 8. Ne2 Bg4 9. Qc2 g6 10. f3 Be6 11. Bf4 Re8 12. Kf2 c5 13. Be4 Re7 14. d5 f5 15. dxe6 fxe4 16. exf7+ Rxf7 17. Rhd1 Qh4+ 18. Bg3 Bxg3+ 19. hxg3 Qe7 20. Nf4 Nc6 21. Re1 Rxf4 22. gxf4 Qh4+ 23. Kg1 exf3 24. Qf2 Qxf4 25. Qxf3 Qg5 26. Rad1 Rd8 27. Rxd8+ Qxd8 28. Qe3 Qf8 29. Rd1 Qf5 30. Qe8+ Qf8 31. Qe6+ Kh8 32. Rd7 1-0

[Event "Farum HK-ch"]
[Site "Farum"]
[Date "2005.10.16"]
[Round "1"]
[White "Noer, Martin Stampe"]
[Black "Pedersen, Leif"]
[Result "1-0"]
[WhiteElo "1804"]
[BlackElo "1286"]
[PlyCount "69"]
[EventDate "2005.10.16"]
[EventType "swiss"]
[EventRounds "6"]
[EventCountry "DEN"]
[SourceTitle "EXT 2018"]
[Source "ChessBase"]
[SourceDate "2017.10.13"]
[SourceVersion "1"]
[SourceVersionDate "2017.10.13"]
[SourceQuality "1"]

1. d4 c5 2. d5 Nf6 3. c4 Ne4 4. Qd3 Nd6 5. Nc3 a6 6. a4 b6 7. e4 e5 8. f4 f6 9. fxe5 fxe5 10. Nf3 Nf7 11. Be2 d6 12. 0-0 Be7 13. Bd2 0-0 14. Nd1 Bg4 15. Ne3 Bxf3 16. Bxf3 Nh6 17. Ng4 Nxg4 18. Bxg4 Nd7 19. a5 Nf6 20. Be6+ Kh8 21. Rf3 Nh5 22. Rxf8+ Qxf8 23. axb6 Bd8 24. b7 Rb8 25. Bc8 Nf4 26. Bxf4 exf4 27. Rxa6 Bc7 28. Qf3 Qf6 29. Rc6 Bd8 30. Qc3 Qe7 31. b4 Qxe4 32. Rxd6 Bf6 33. Rxf6 Qb1+ 34. Kf2 h6 35. Rxh6+ 1-0